Process systems analysis and control (Record no. 13575)

000 -LEADER
fixed length control field 00578nam a22002051 4500
001 - CONTROL NUMBER
control field 13575
003 - CONTROL NUMBER IDENTIFIER
control field BD-DhUET
008 - FIXED-LENGTH DATA ELEMENTS--GENERAL INFORMATION
fixed length control field 730306s1965 nyua b 000 0 eng
040 ## - CATALOGING SOURCE
Original cataloging agency DLC
Transcribing agency DLC
Modifying agency BD-DhUET
082 ## - DEWEY DECIMAL CLASSIFICATION NUMBER
Classification number 660.284
Item number COU/1965
100 1# - MAIN ENTRY--PERSONAL NAME
Personal name Coughanowr, Donald R.
245 10 - TITLE STATEMENT
Title Process systems analysis and control
250 ## - EDITION STATEMENT
Edition statement 1st ed.
260 ## - PUBLICATION, DISTRIBUTION, ETC. (IMPRINT)
Place of publication, distribution, etc. New York
Name of publisher, distributor, etc. McGraw-Hill
Date of publication, distribution, etc. 1965
300 ## - PHYSICAL DESCRIPTION
Extent xii, 491 p.
Other physical details ill.
Dimensions 21 cm.
490 ## - SERIES STATEMENT
Series statement McGraw-Hill chemical engineering series
650 #0 - SUBJECT ADDED ENTRY--TOPICAL TERM
Topical term or geographic name as entry element Control devices process engineering
700 ## - ADDED ENTRY--PERSONAL NAME
Personal name Koppel, Lowell B.
942 ## - ADDED ENTRY ELEMENTS (KOHA)
Koha item type General Book
Holdings
Not for loan Date acquired Koha item type Koha date last borrowed Koha date last seen Piece designation (barcode) Copy number Location (home branch) Price effective from Koha full call number Koha normalized classification for sorting Source of classification or shelving scheme Damaged status Koha issues (times borrowed) Sublocation or collection (holding branch) Shelving location Withdrawn status Lost status
 2015-03-03General Book 2015-03-03296991Central Library, BUET2015-03-03660.284/COU/1965660_284000000000000_COU_1965   Central Library, BUETCirculation section  
 2015-03-03General Book2017-05-092017-05-09296892Central Library, BUET2015-03-03660.284/COU/1965660_284000000000000_COU_1965  1Central Library, BUETCirculation section  
 2015-03-03General Book 2015-03-03296973Central Library, BUET2015-03-03660.284/COU/1965660_284000000000000_COU_1965   Central Library, BUETCirculation section  
 2015-03-03General Book 2015-03-03296924Central Library, BUET2015-03-03660.284/COU/1965660_284000000000000_COU_1965   Central Library, BUETCirculation section  
 2015-03-03General Book 2015-03-03296985Central Library, BUET2015-03-03660.284/COU/1965660_284000000000000_COU_1965   Central Library, BUETCirculation section  
 2015-03-03General Book 2015-03-03296906Central Library, BUET2015-03-03660.284/COU/1965660_284000000000000_COU_1965   Central Library, BUETCirculation section  
 2015-03-03General Book 2015-03-03296887Central Library, BUET2015-03-03660.284/COU/1965660_284000000000000_COU_1965   Central Library, BUETCataloging to Circulation  
 2015-03-04General Book 2015-03-04345198Central Library, BUET2015-03-04660.284/COU/1965660_284000000000000_COU_1965   Central Library, BUETCirculation section  
 2015-05-11General Book 2015-05-11296949Central Library, BUET2015-05-11660.284/COU/1965660_284000000000000_COU_1965   Central Library, BUETCirculation section  
 2015-05-11General Book 2015-05-112969610Central Library, BUET2015-05-11660.284/COU/1965660_284000000000000_COU_1965   Central Library, BUETCirculation section  
 2015-05-13General Book 2015-05-132969511Central Library, BUET2015-05-13660.284/COU/1965660_284000000000000_COU_1965   Central Library, BUETCirculation section  
 2015-05-14General Book 2015-05-141786912Central Library, BUET2015-05-14660.284/COU/1965660_284000000000000_COU_1965   Central Library, BUETCirculation section  
 2015-05-18General Book 2015-05-181582213Central Library, BUET2015-05-18660.284/COU/1965660_284000000000000_COU_1965   Central Library, BUETCirculation section  
 2015-06-20General Book 2015-06-202970014Central Library, BUET2015-06-20660.284/COU/1965660_284000000000000_COU_1965   Central Library, BUETReading section  
 2015-06-20General Book 2015-06-202970115Central Library, BUET2015-06-20660.284/COU/1965660_284000000000000_COU_1965   Central Library, BUETReading section  
 2015-07-10General Book 2015-07-101671616Central Library, BUET2015-07-10660.284/COU/1965660_284000000000000_COU_1965   Central Library, BUETCirculation section